Statistics for Countries by Satellite Image #3

Click here to take the quiz!

General Stats

  • This quiz has been taken 18,632 times
  • The average score is 10 of 16

Answer Stats

Answer % Correct
United States
98%
New Zealand
92%
Ireland
90%
Turkey
89%
Philippines
87%
Somalia
86%
Monaco
68%
Qatar
66%
Haiti
66%
Jamaica
57%
Croatia
57%
Kazakhstan
54%
Colombia
41%
Pakistan
38%
Uruguay
25%
Djibouti
19%

Score Distribution

Percentile by Number Answered

Percent of People with Each Score

Your Score History

You have not taken this quiz